| 000 | 00698nam a2200229 i 4500 | ||
|---|---|---|---|
| 001 | 16787 | ||
| 003 | ES-MaACL | ||
| 005 | 20260526171057.0 | ||
| 007 | t| | ||
| 008 | 001106s1947 mx ||||1| spa d | ||
| 080 | _a821.112.5-4"18" | ||
| 100 | 1 |
_aMultatuli, _d1820-1887 _984162 |
|
| 245 | 1 | 0 |
_aPáginas selectas / _cMultatuli ; rasgos y selección, F. Aláiz ; apunte biográfico, R. Rocker. |
| 260 |
_a[México] : _bTierra y Libertad, _c1947. |
||
| 300 |
_a91 p. ; _c17 cm. |
||
| 490 | 1 |
_aNervio ; _v2 |
|
| 700 | 1 |
_aAláiz, Felipe. _919091 |
|
| 700 | 1 |
_aRocker, Rudolf, _d1873-1958 _998081 |
|
| 830 | 1 |
_aNervio ; _v2 _9180042 |
|
| 852 |
_aES-MaACL _j2156-F-12 |
||
| 999 |
_c16787 _d16787 |
||